US Cities With The Highest Transit Ridership - Statistics

General Stats
  • This quiz has been taken 32 times
  • The average score is 36 of 50
Answer Stats
State Answer % Correct
Massachusetts Boston
100%
Illinois Chicago
100%
New York New York City
100%
Pennsylvania Philadelphia
100%
California San Francisco
100%
District of Columbia Washington D.C.
100%
New Jersey Newark
96%
Washington Seattle
96%
New York Buffalo
93%
California Oakland
93%
Oregon Portland
93%
Maryland Baltimore
89%
Ohio Cincinnati
89%
Hawaii Honolulu
89%
New Jersey Jersey City
89%
California Los Angeles
89%
Wisconsin Milwaukee
89%
Louisiana New Orleans
89%
Rhode Island Providence
89%
Ohio Cleveland
86%
Wisconsin Madison
86%
Pennsylvania Pittsburgh
86%
Puerto Rico San Juan
86%
Missouri St. Louis
86%
Georgia Atlanta
82%
Massachusetts Cambridge
82%
Florida Miami
82%
Minnesota Minneapolis
82%
Virginia Arlington
79%
Connecticut Hartford
79%
Connecticut New Haven
79%
Minnesota St. Paul
75%
New York Yonkers
75%
New York Rochester
68%
Connecticut Bridgeport
64%
Virginia Alexandria
61%
California Berkeley
54%
Connecticut Stamford
54%
New Jersey Elizabeth
50%
California Richmond
50%
New Jersey Paterson
43%
Washington Bellevue
39%
Michigan Ann Arbor
36%
Illinois Naperville
32%
California Daly City
29%
California Fremont
29%
Oregon Gresham
18%
California Concord
7%
New Jersey Edison
7%
California East Los Angeles
4%
No matching quizzes found
Score Distribution
Percent of People with Each Score
Percentile by Number Answered
Your Score History
You have not taken this quiz